[Event "Stay Safe Play From Home 395"]
[Site "Emanuel Lasker Arena"]
[Date "2020.08.19"]
[Round "3"]
[White "Fat Kevin"]
[Black "theCHESSHOUSE"]
[Result "1-0"]
[WhiteElo "2042"]
[BlackElo "1997"]
[PlyCount "115"]
[EventDate "2020.08.19"]
[EventType "swiss (blitz)"]

1. g3 {[%emt 0:00:00]} Nf6 {[%emt 0:00:02]} 2. Bg2 {[%emt 0:00:00]} g6 {[%emt 0:00:01]} 3. c4 {[%emt 0:00:00]} Bg7 {[%emt 0:00:01]} 4. Nc3 {[%emt 0:00:00]} d6 {[%emt 0:00:00]} 5. Nf3 {[%emt 0:00:00]} e5 {[%emt 0:00:00]} 6. O-O {[%emt 0:00:00]} Nc6 {[%emt 0:00:00]} 7. d4 {[%emt 0:00:01]} O-O {[%emt 0:00:00]} 8. dxe5 {[%emt 0:00:01]} dxe5 {[%emt 0:00:00]} 9. e4 {[%emt 0:00:01]} Qe7 {[%emt 0:00:03]} 10. Bg5 {[%emt 0:00:01]} h6 {[%emt 0:00:01]} 11. Nd5 {[%emt 0:00:01]} Qd8 {[%emt 0:00:02]} 12. Nxf6+ {[%emt 0:00:03]} Bxf6 {[%emt 0:00:01]} 13. Bxh6 {[%emt 0:00:01]} Bg7 {[%emt 0:00:01]} 14. Qc1 {[%emt 0:00:03]} Bxh6 {[%emt 0:00:02]} 15. Qxh6 {[%emt 0:00:00]} Qf6 {[%emt 0:00:05]} 16. Rad1 {[%emt 0:00:04]} Bg4 {[%emt 0:00:01]} 17. Rd3 {[%emt 0:00:04]} Rad8 {[%emt 0:00:02]} 18. Rfd1 {[%emt 0:00:02]} Nd4 {[%emt 0:00:01]} 19. Qe3 {[%emt 0:00:05]} c5 {[%emt 0:00:05]} 20. h3 {[%emt 0:00:01]} Nxf3+ {[%emt 0:00:06]} 21. Bxf3 {[%emt 0:00:00]} Rxd3 {[%emt 0:00:02]} 22. Rxd3 {[%emt 0:00:01]} Bxh3 {[%emt 0:00:01]} 23. g4 {[%emt 0:00:01]} Qh4 {[%emt 0:00:02]} 24. Bg2 {[%emt 0:00:08]} Bxg2 {[%emt 0:00:02]} 25. Kxg2 {[%emt 0:00:00]} Qxg4+ {[%emt 0:00:01]} 26. Kf1 {[%emt 0:00:02]} b6 {[%emt 0:00:01]} 27. Qf3 {[%emt 0:00:01]} Qxf3 {[%emt 0:00:01]} 28. Rxf3 {[%emt 0:00:00]} Rd8 {[%emt 0:00:00]} 29. Ke2 {[%emt 0:00:00]} Kg7 {[%emt 0:00:01]} 30. Ra3 {[%emt 0:00:01]} Rd7 {[%emt 0:00:01]} 31. Rd3 {[%emt 0:00:01]} Rd4 {[%emt 0:00:01]} 32. Re3 {[%emt 0:00:02]} Rxc4 {[%emt 0:00:01]} 33. b3 {[%emt 0:00:00]} Rd4 {[%emt 0:00:01]} 34. Kf3 {[%emt 0:00:00]} f5 {[%emt 0:00:01]} 35. exf5 {[%emt 0:00:02]} gxf5 {[%emt 0:00:02]} 36. Rxe5 {[%emt 0:00:00]} Kf6 {[%emt 0:00:00]} 37. Re8 {[%emt 0:00:01]} Rd7 {[%emt 0:00:01]} 38. Ra8 {[%emt 0:00:01]} Ke5 {[%emt 0:00:01]} 39. Ke3 {[%emt 0:00:01]} Re7 {[%emt 0:00:01]} 40. f4+ {[%emt 0:00:02]} Kf6+ {[%emt 0:00:01]} 41. Kd3 {[%emt 0:00:00]} Rd7+ {[%emt 0:00:01]} 42. Kc4 {[%emt 0:00:01]} Ke6 {[%emt 0:00:00]} 43. Kb5 {[%emt 0:00:00]} Kd6 {[%emt 0:00:00]} 44. Ka6 {[%emt 0:00:00]} c4 {[%emt 0:00:01]} 45. Rxa7 {[%emt 0:00:00]} c3 {[%emt 0:00:00]} 46. Ra8 {[%emt 0:00:01]} c2 {[%emt 0:00:01]} 47. Rc8 {[%emt 0:00:00]} Rc7 {[%emt 0:00:00]} 48. Rd8+ {[%emt 0:00:01]} Kc6 {[%emt 0:00:01]} 49. Rf8 {[%emt 0:00:00]} Ra7+ {[%emt 0:00:00]} 50. Kxa7 {[%emt 0:00:01]} Kc5 {[%emt 0:00:00]} 51. Rf6 {[%emt 0:00:00]} Kb4 {[%emt 0:00:00]} 52. Rxf5 {[%emt 0:00:00]} c1=Q {[%emt 0:00:00]} 53. Re5 {[%emt 0:00:00]} Qa3+ {[%emt 0:00:00]} 54. Kb7 {[%emt 0:00:01]} Kc3 {[%emt 0:00:00]} 55. Kc7 {[%emt 0:00:00]} Kb2 {[%emt 0:00:00]} 56. Re4 {[%emt 0:00:00]} Kxa2 {[%emt 0:00:00]} 57. Re2+ {[%emt 0:00:00]} Kxb3 {[%emt 0:00:01]} 58. Re1 {[%emt 0:00:00] (Lag: Av=0.58s, max=0.9s) (Lag: Av=0.58s, max=0.9s) (Lag: Av=0.58s, max=0.9s)} 1-0

[Event "Stay Safe Play From Home 395"]
[Site "Emanuel Lasker Arena"]
[Date "2020.08.19"]
[Round "3"]
[White "Fred58300"]
[Black "Riddhi Khanna"]
[Result "1-0"]
[WhiteElo "1465"]
[BlackElo "1358"]
[Annotator "NA"]
[PlyCount "27"]
[EventDate "2020.08.19"]
[EventType "swiss (blitz)"]

1. e4 {[%emt 0:00:04]} e5 {[%emt 0:00:02]} 2. Nf3 {[%emt 0:00:02]} Nc6 {[%emt 0:00:02]} 3. Be2 {[%emt 0:00:01]} Nf6 {[%emt 0:00:06]} 4. d3 {[%emt 0:00:01]} d5 {[%emt 0:00:03]} 5. exd5 {[%emt 0:00:03]} Nxd5 {[%emt 0:00:02]} 6. O-O {[%emt 0:00:02]} Bd6 {[%emt 0:00:06]} 7. Bd2 {[%emt 0:00:00]} O-O {[%emt 0:00:03]} 8. Nc3 {[%emt 0:00:00]} Nf4 {[%emt 0:00:06]} 9. Bxf4 {[%emt 0:00:03]} exf4 {[%emt 0:00:02]} 10. Ne4 {[%emt 0:00:04]} f5 {[%emt 0:00:06]} 11. Ned2 {[%emt 0:00:05]} Kh8 {[%emt 0:00:08]} 12. Nb3 {[%emt 0:00:03]} Be6 {[%emt 0:00:04]} 13. d4 {[%emt 0:00:03]} Bxb3 {[%emt 0:00:09]} 14. axb3 {[%emt 0:00:03] TimeB TimeB TimeB} 1-0

[Event "Stay Safe Play From Home 395"]
[Site "Emanuel Lasker Arena"]
[Date "2020.08.19"]
[Round "4"]
[White "NTBT_DHS"]
[Black "Mepe_Nika"]
[Result "1-0"]
[WhiteElo "2494"]
[BlackElo "2303"]
[PlyCount "115"]
[EventDate "2020.08.19"]
[EventType "swiss (blitz)"]

1. d4 {[%emt 0:00:01]} d5 {[%emt 0:00:01]} 2. Nc3 {[%emt 0:00:00]} Nf6 {[%emt 0:00:01]} 3. Bg5 {[%emt 0:00:00]} Bf5 {[%emt 0:00:04]} 4. f3 {[%emt 0:00:00]} Nbd7 {[%emt 0:00:02]} 5. e4 {[%emt 0:00:01]} dxe4 {[%emt 0:00:01]} 6. g4 {[%emt 0:00:00]} Bg6 {[%emt 0:00:01]} 7. Qe2 {[%emt 0:00:00]} h6 {[%emt 0:00:01]} 8. Bxf6 {[%emt 0:00:01]} Nxf6 {[%emt 0:00:03]} 9. O-O-O {[%emt 0:00:00]} exf3 {[%emt 0:00:01]} 10. Nxf3 {[%emt 0:00:00]} e6 {[%emt 0:00:01]} 11. Ne5 {[%emt 0:00:01]} Bh7 {[%emt 0:00:01]} 12. Qb5+ {[%emt 0:00:01]} Nd7 {[%emt 0:00:04]} 13. Qxb7 {[%emt 0:00:03]} Rb8 {[%emt 0:00:05]} 14. Qc6 {[%emt 0:00:01]} Rb6 {[%emt 0:00:02]} 15. Qa4 {[%emt 0:00:01]} Bd6 {[%emt 0:00:01]} 16. Bb5 {[%emt 0:00:02]} c6 {[%emt 0:00:02]} 17. Bxc6 {[%emt 0:00:01]} Rxc6 {[%emt 0:00:05]} 18. Qxc6 {[%emt 0:00:01]} Ke7 {[%emt 0:00:01]} 19. Nxd7 {[%emt 0:00:02]} Qxd7 {[%emt 0:00:00]} 20. Qxd7+ {[%emt 0:00:01]} Kxd7 {[%emt 0:00:00]} 21. h4 {[%emt 0:00:01]} Rc8 {[%emt 0:00:01]} 22. g5 {[%emt 0:00:00]} hxg5 {[%emt 0:00:01]} 23. hxg5 {[%emt 0:00:00]} Bg6 {[%emt 0:00:00]} 24. Rhf1 {[%emt 0:00:01]} Rc4 {[%emt 0:00:01]} 25. d5 {[%emt 0:00:01]} e5 {[%emt 0:00:01]} 26. Nb5 {[%emt 0:00:01]} Rxc2+ {[%emt 0:00:02]} 27. Kb1 {[%emt 0:00:00]} Rc5+ {[%emt 0:00:02]} 28. Ka1 {[%emt 0:00:00]} Rxb5 {[%emt 0:00:00]} 29. a3 {[%emt 0:00:00]} Be7 {[%emt 0:00:02]} 30. Rfe1 {[%emt 0:00:01]} f6 {[%emt 0:00:01]} 31. gxf6 {[%emt 0:00:01]} gxf6 {[%emt 0:00:00]} 32. Rd2 {[%emt 0:00:02]} Bf7 {[%emt 0:00:01]} 33. Red1 {[%emt 0:00:01]} f5 {[%emt 0:00:00]} 34. Rf2 {[%emt 0:00:01]} f4 {[%emt 0:00:00]} 35. Re2 {[%emt 0:00:00]} Kd6 {[%emt 0:00:01]} 36. Rde1 {[%emt 0:00:01]} Rxd5 {[%emt 0:00:00]} 37. Kb1 {[%emt 0:00:02]} Be6 {[%emt 0:00:00]} 38. Rh2 {[%emt 0:00:02]} Bf6 {[%emt 0:00:00]} 39. Rh6 {[%emt 0:00:01]} Bf5+ {[%emt 0:00:00]} 40. Ka2 {[%emt 0:00:01]} Ke6 {[%emt 0:00:00]} 41. Rg1 {[%emt 0:00:01]} e4 {[%emt 0:00:00]} 42. Rg8 {[%emt 0:00:01]} Rd2 {[%emt 0:00:01]} 43. Rb8 {[%emt 0:00:02]} Ke5 {[%emt 0:00:03]} 44. Re8+ {[%emt 0:00:01]} Be6+ {[%emt 0:00:01]} 45. Kb1 {[%emt 0:00:02]} e3 {[%emt 0:00:00]} 46. Kc1 {[%emt 0:00:00]} Kf5 {[%emt 0:00:01]} 47. Rh5+ {[%emt 0:00:01]} Bg5 {[%emt 0:00:00]} 48. Rhh8 {[%emt 0:00:02]} Bd5 {[%emt 0:00:00]} 49. Rhf8+ {[%emt 0:00:00]} Kg4 {[%emt 0:00:00]} 50. Rg8 {[%emt 0:00:01]} Bf3 {[%emt 0:00:00]} 51. Rgf8 {[%emt 0:00:01]} Rd1+ {[%emt 0:00:00]} 52. Kc2 {[%emt 0:00:00]} Rd2+ {[%emt 0:00:01]} 53. Kc3 {[%emt 0:00:01]} Kg3 {[%emt 0:00:00]} 54. Rg8 {[%emt 0:00:00]} Kf2 {[%emt 0:00:00]} 55. Rxg5 {[%emt 0:00:01]} e2 {[%emt 0:00:00]} 56. Rge5 {[%emt 0:00:00]} e1=Q {[%emt 0:00:00]} 57. Rxe1 {[%emt 0:00:00]} Rd1 {[%emt 0:00:01]} 58. Rxd1 {[%emt 0:00:00] Time Time Time (Lag: Av=0.58s, max=1.2s) (Lag: Av=0.58s, max=1.2s) (Lag: Av=0.58s, max=1.2s)} 1-0

[Event "Stay Safe Play From Home 395"]
[Site "Emanuel Lasker Arena"]
[Date "2020.08.19"]
[Round "4"]
[White "IceQueen"]
[Black "Fat Kevin"]
[Result "1-0"]
[WhiteElo "2399"]
[BlackElo "2057"]
[PlyCount "119"]
[EventDate "2020.08.19"]
[EventType "swiss (blitz)"]

1. e4 {[%emt 0:00:01]} c5 {[%emt 0:00:00]} 2. Nf3 {[%emt 0:00:01]} Nf6 {[%emt 0:00:00]} 3. Nc3 {[%emt 0:00:00]} d5 {[%emt 0:00:01]} 4. exd5 {[%emt 0:00:01]} Nxd5 {[%emt 0:00:00]} 5. Bb5+ {[%emt 0:00:00]} Bd7 {[%emt 0:00:01]} 6. Qe2 {[%emt 0:00:01]} Nxc3 {[%emt 0:00:03]} 7. dxc3 {[%emt 0:00:00]} Nc6 {[%emt 0:00:00]} 8. Bf4 {[%emt 0:00:01]} e6 {[%emt 0:00:01]} 9. O-O-O {[%emt 0:00:01]} Qb6 {[%emt 0:00:01]} 10. Bxc6 {[%emt 0:00:01]} Bxc6 {[%emt 0:00:00]} 11. Ne5 {[%emt 0:00:00]} Be7 {[%emt 0:00:02]} 12. Nc4 {[%emt 0:00:01]} Qa6 {[%emt 0:00:04]} 13. Nd6+ {[%emt 0:00:00]} Bxd6 {[%emt 0:00:01]} 14. Qxa6 {[%emt 0:00:00]} bxa6 {[%emt 0:00:01]} 15. Bxd6 {[%emt 0:00:00]} c4 {[%emt 0:00:01]} 16. f3 {[%emt 0:00:01]} Rd8 {[%emt 0:00:03]} 17. Bc7 {[%emt 0:00:01]} Rd7 {[%emt 0:00:01]} 18. Rxd7 {[%emt 0:00:02]} Kxd7 {[%emt 0:00:00]} 19. Bf4 {[%emt 0:00:02]} Bd5 {[%emt 0:00:01]} 20. Rd1 {[%emt 0:00:00]} Kc6 {[%emt 0:00:01]} 21. Be5 {[%emt 0:00:01]} Rg8 {[%emt 0:00:01]} 22. Bd4 {[%emt 0:00:00]} Kb7 {[%emt 0:00:03]} 23. b3 {[%emt 0:00:01]} f6 {[%emt 0:00:03]} 24. Kb2 {[%emt 0:00:01]} Rc8 {[%emt 0:00:02]} 25. Bf2 {[%emt 0:00:01]} Kc7 {[%emt 0:00:02]} 26. Rd4 {[%emt 0:00:01]} Kb7 {[%emt 0:00:01]} 27. Rh4 {[%emt 0:00:01]} h6 {[%emt 0:00:01]} 28. Rd4 {[%emt 0:00:01]} Rc7 {[%emt 0:00:01]} 29. h4 {[%emt 0:00:01]} Ka8 {[%emt 0:00:01]} 30. g4 {[%emt 0:00:01]} Rb7 {[%emt 0:00:01]} 31. Bg3 {[%emt 0:00:01]} a5 {[%emt 0:00:01]} 32. g5 {[%emt 0:00:03]} a4 {[%emt 0:00:02]} 33. gxh6 {[%emt 0:00:01]} gxh6 {[%emt 0:00:01]} 34. b4 {[%emt 0:00:00]} a5 {[%emt 0:00:01]} 35. Bd6 {[%emt 0:00:04]} h5 {[%emt 0:00:03]} 36. f4 {[%emt 0:00:02]} Ka7 {[%emt 0:00:01]} 37. f5 {[%emt 0:00:01]} Ka6 {[%emt 0:00:01]} 38. fxe6 {[%emt 0:00:01]} Bxe6 {[%emt 0:00:00]} 39. Rf4 {[%emt 0:00:00]} f5 {[%emt 0:00:01]} 40. Bc5 {[%emt 0:00:00]} Bd7 {[%emt 0:00:01]} 41. Rd4 {[%emt 0:00:01]} axb4 {[%emt 0:00:00]} 42. cxb4 {[%emt 0:00:02]} Kb5 {[%emt 0:00:00]} 43. Kc3 {[%emt 0:00:01]} Kc6 {[%emt 0:00:01]} 44. Rd6+ {[%emt 0:00:01]} Kb5 {[%emt 0:00:01]} 45. a3 {[%emt 0:00:00]} Rb8 {[%emt 0:00:01]} 46. Rxd7 {[%emt 0:00:02]} Kc6 {[%emt 0:00:00]} 47. Rd6+ {[%emt 0:00:01]} Kc7 {[%emt 0:00:00]} 48. Rf6 {[%emt 0:00:00]} Re8 {[%emt 0:00:00]} 49. Rf7+ {[%emt 0:00:01]} Kc6 {[%emt 0:00:01]} 50. Rxf5 {[%emt 0:00:00]} Rh8 {[%emt 0:00:01]} 51. Rf6+ {[%emt 0:00:01]} Kd5 {[%emt 0:00:01]} 52. Rf5+ {[%emt 0:00:00]} Ke4 {[%emt 0:00:01]} 53. Rf7 {[%emt 0:00:01]} Rh6 {[%emt 0:00:01]} 54. Re7+ {[%emt 0:00:00]} Kf5 {[%emt 0:00:01]} 55. Kxc4 {[%emt 0:00:00]} Rc6 {[%emt 0:00:00]} 56. Kb5 {[%emt 0:00:00]} Rc8 {[%emt 0:00:00]} 57. Rf7+ {[%emt 0:00:01]} Ke6 {[%emt 0:00:01]} 58. Rf2 {[%emt 0:00:00]} Rb8+ {[%emt 0:00:00]} 59. Kc4 {[%emt 0:00:01]} Ra8 {[%emt 0:00:00]} 60. Re2+ {[%emt 0:00:00] Zeit Zeit Zeit (Lag: Av=0.35s, max=0.7s) (Lag: Av=0.35s, max=0.7s) (Lag: Av=0.35s, max=0.7s)} 1-0

[Event "Stay Safe Play From Home 395"]
[Site "Emanuel Lasker Arena"]
[Date "2020.08.19"]
[Round "4"]
[White "Lamborghini"]
[Black "AChessPlayer"]
[Result "0-1"]
[WhiteElo "2349"]
[BlackElo "2398"]
[PlyCount "116"]
[EventDate "2020.08.19"]
[EventType "swiss (blitz)"]

1. e4 {[%emt 0:00:02]} c6 {[%emt 0:00:01]} 2. d4 {[%emt 0:00:00]} d5 {[%emt 0:00:00]} 3. Nc3 {[%emt 0:00:00]} dxe4 {[%emt 0:00:01]} 4. Nxe4 {[%emt 0:00:00]} Nf6 {[%emt 0:00:00]} 5. Nxf6+ {[%emt 0:00:00]} exf6 {[%emt 0:00:00]} 6. Bc4 {[%emt 0:00:01]} Bd6 {[%emt 0:00:00]} 7. Qe2+ {[%emt 0:00:00]} Qe7 {[%emt 0:00:00]} 8. Qxe7+ {[%emt 0:00:00]} Kxe7 {[%emt 0:00:00]} 9. Ne2 {[%emt 0:00:00]} Be6 {[%emt 0:00:01]} 10. Bd3 {[%emt 0:00:02]} Re8 {[%emt 0:00:01]} 11. Bf4 {[%emt 0:00:01]} Nd7 {[%emt 0:00:02]} 12. Bxd6+ {[%emt 0:00:01]} Kxd6 {[%emt 0:00:00]} 13. c4 {[%emt 0:00:00]} c5 {[%emt 0:00:02]} 14. d5 {[%emt 0:00:01]} Bg4 {[%emt 0:00:01]} 15. f3 {[%emt 0:00:01]} Bh5 {[%emt 0:00:01]} 16. Kd2 {[%emt 0:00:00]} Bg6 {[%emt 0:00:01]} 17. Nc3 {[%emt 0:00:01]} Ne5 {[%emt 0:00:01]} 18. Nb5+ {[%emt 0:00:04]} Kd7 {[%emt 0:00:01]} 19. Bxg6 {[%emt 0:00:02]} fxg6 {[%emt 0:00:01]} 20. b3 {[%emt 0:00:03]} g5 {[%emt 0:00:00]} 21. Rhe1 {[%emt 0:00:02]} h5 {[%emt 0:00:02]} 22. Re4 {[%emt 0:00:01]} h4 {[%emt 0:00:01]} 23. h3 {[%emt 0:00:03]} Ng6 {[%emt 0:00:03]} 24. Rae1 {[%emt 0:00:03]} Rxe4 {[%emt 0:00:02]} 25. fxe4 {[%emt 0:00:02]} Ne5 {[%emt 0:00:01]} 26. Nc3 {[%emt 0:00:03]} b6 {[%emt 0:00:01]} 27. Nd1 {[%emt 0:00:01]} a6 {[%emt 0:00:02]} 28. Ne3 {[%emt 0:00:01]} b5 {[%emt 0:00:00]} 29. Rc1 {[%emt 0:00:02]} b4 {[%emt 0:00:02]} 30. Nf5 {[%emt 0:00:01]} g6 {[%emt 0:00:00]} 31. Ne3 {[%emt 0:00:02]} a5 {[%emt 0:00:00]} 32. Ng4 {[%emt 0:00:00]} Ra6 {[%emt 0:00:01]} 33. Nxe5+ {[%emt 0:00:02]} fxe5 {[%emt 0:00:00]} 34. Rf1 {[%emt 0:00:00]} Ke7 {[%emt 0:00:00]} 35. Ke3 {[%emt 0:00:01]} a4 {[%emt 0:00:00]} 36. Kf3 {[%emt 0:00:01]} axb3 {[%emt 0:00:01]} 37. axb3 {[%emt 0:00:00]} Ra2 {[%emt 0:00:00]} 38. Kg4 {[%emt 0:00:00]} Rxg2+ {[%emt 0:00:01]} 39. Kf3 {[%emt 0:00:02]} Rg3+ {[%emt 0:00:00]} 40. Kf2 {[%emt 0:00:01]} Rxb3 {[%emt 0:00:00]} 41. Ra1 {[%emt 0:00:00]} Rxh3 {[%emt 0:00:02]} 42. Rg1 {[%emt 0:00:00]} Rg3 {[%emt 0:00:02]} 43. Ra1 {[%emt 0:00:01]} Ra3 {[%emt 0:00:01]} 44. Rg1 {[%emt 0:00:01]} Kf6 {[%emt 0:00:00]} 45. Ke2 {[%emt 0:00:02]} g4 {[%emt 0:00:01]} 46. Rf1+ {[%emt 0:00:00]} Kg5 {[%emt 0:00:01]} 47. d6 {[%emt 0:00:01]} Ra6 {[%emt 0:00:02]} 48. Rd1 {[%emt 0:00:01]} Ra8 {[%emt 0:00:00]} 49. d7 {[%emt 0:00:00]} Rd8 {[%emt 0:00:00]} 50. Ke3 {[%emt 0:00:00]} h3 {[%emt 0:00:00]} 51. Kf2 {[%emt 0:00:01]} Kf4 {[%emt 0:00:00]} 52. Rd6 {[%emt 0:00:01]} g3+ {[%emt 0:00:00]} 53. Ke2 {[%emt 0:00:01]} g5 {[%emt 0:00:00]} 54. Rf6+ {[%emt 0:00:02]} Kxe4 {[%emt 0:00:00]} 55. Rf1 {[%emt 0:00:01]} g2 {[%emt 0:00:00]} 56. Rh1 {[%emt 0:00:01]} Rxd7 {[%emt 0:00:00]} 57. Kf2 {[%emt 0:00:00]} Rd2+ {[%emt 0:00:01]} 58. Kg3 {[%emt 0:00:00]} gxh1=Q {[%emt 0:00:03] Zeit Zeit Zeit (Lag: Av=0.52s, max=0.8s) (Lag: Av=0.52s, max=0.8s) (Lag: Av=0.52s, max=0.8s)} 0-1

[Event "Stay Safe Play From Home 395"]
[Site "Emanuel Lasker Arena"]
[Date "2020.08.19"]
[Round "4"]
[White "MihailoVujic"]
[Black "Tran Minh Thang"]
[Result "0-1"]
[WhiteElo "2148"]
[BlackElo "2490"]
[PlyCount "70"]
[EventDate "2020.08.19"]
[EventType "swiss (blitz)"]

1. e4 {[%emt 0:00:01]} c5 {[%emt 0:00:01]} 2. c3 {[%emt 0:00:01]} e6 {[%emt 0:00:02]} 3. d4 {[%emt 0:00:01]} d5 {[%emt 0:00:00]} 4. e5 {[%emt 0:00:00]} Qb6 {[%emt 0:00:01]} 5. Nf3 {[%emt 0:00:00] MihailoVujic offers a draw MihailoVujic offers a draw MihailoVujic offers a draw} Bd7 {[%emt 0:00:00]} 6. Bd3 {[%emt 0:00:02]} Bb5 {[%emt 0:00:01]} 7. O-O {[%emt 0:00:06]} Bxd3 {[%emt 0:00:00]} 8. Qxd3 {[%emt 0:00:01]} Qa6 {[%emt 0:00:00]} 9. c4 {[%emt 0:00:02]} Qxc4 {[%emt 0:00:01]} 10. Qe3 {[%emt 0:00:03]} cxd4 {[%emt 0:00:01]} 11. Qf4 {[%emt 0:00:02]} Nc6 {[%emt 0:00:04]} 12. Nbd2 {[%emt 0:00:01]} Qd3 {[%emt 0:00:01]} 13. Nb3 {[%emt 0:00:01]} Nge7 {[%emt 0:00:05]} 14. Nbxd4 {[%emt 0:00:02]} Nxd4 {[%emt 0:00:00]} 15. Nxd4 {[%emt 0:00:01]} Nc6 {[%emt 0:00:01]} 16. Be3 {[%emt 0:00:05]} Be7 {[%emt 0:00:04]} 17. Rad1 {[%emt 0:00:02]} Qa6 {[%emt 0:00:04]} 18. a3 {[%emt 0:00:01]} O-O {[%emt 0:00:01]} 19. Nf3 {[%emt 0:00:03]} Qc4 {[%emt 0:00:02]} 20. Bd4 {[%emt 0:00:02]} Nxd4 {[%emt 0:00:05]} 21. Rxd4 {[%emt 0:00:02]} Qc2 {[%emt 0:00:00]} 22. Rfd1 {[%emt 0:00:02]} Qxb2 {[%emt 0:00:01]} 23. Ng5 {[%emt 0:00:01]} Bxg5 {[%emt 0:00:01]} 24. Qxg5 {[%emt 0:00:01]} h6 {[%emt 0:00:00]} 25. Qh5 {[%emt 0:00:01]} Rac8 {[%emt 0:00:03]} 26. h3 {[%emt 0:00:01]} Qc2 {[%emt 0:00:02]} 27. Rg4 {[%emt 0:00:02]} Qxd1+ {[%emt 0:00:01]} 28. Kh2 {[%emt 0:00:00]} Kh8 {[%emt 0:00:01]} 29. f4 {[%emt 0:00:02]} Rc1 {[%emt 0:00:02]} 30. f5 {[%emt 0:00:04]} Qg1+ {[%emt 0:00:01]} 31. Kg3 {[%emt 0:00:01]} Rc3+ {[%emt 0:00:00]} 32. Kh4 {[%emt 0:00:01]} Qf2+ {[%emt 0:00:02]} 33. g3 {[%emt 0:00:00]} exf5 {[%emt 0:00:01]} 34. Rxg7 {[%emt 0:00:01]} Kxg7 {[%emt 0:00:00]} 35. e6 {[%emt 0:00:01]} Qxg3# {[%emt 0:00:01] (Lag: Av=0.88s, max=1.4s) (Lag: Av=0.88s, max=1.4s) (Lag: Av=0.88s, max=1.4s)} 0-1

[Event "Stay Safe Play From Home 395"]
[Site "Emanuel Lasker Arena"]
[Date "2020.08.19"]
[Round "4"]
[White "theCHESSHOUSE"]
[Black "Hickey"]
[Result "0-1"]
[WhiteElo "1982"]
[BlackElo "2223"]
[PlyCount "124"]
[EventDate "2020.08.19"]
[EventType "swiss (blitz)"]

1. d4 {[%emt 0:00:05]} Nf6 {[%emt 0:00:02]} 2. c4 {[%emt 0:00:01]} e6 {[%emt 0:00:01]} 3. g3 {[%emt 0:00:01]} d5 {[%emt 0:00:02]} 4. Bg2 {[%emt 0:00:00]} Bb4+ {[%emt 0:00:02]} 5. Bd2 {[%emt 0:00:01]} Be7 {[%emt 0:00:00]} 6. Nf3 {[%emt 0:00:01]} O-O {[%emt 0:00:00]} 7. O-O {[%emt 0:00:01]} c6 {[%emt 0:00:01]} 8. b3 {[%emt 0:00:01]} b6 {[%emt 0:00:03]} 9. Qc2 {[%emt 0:00:01]} Bb7 {[%emt 0:00:01]} 10. Nc3 {[%emt 0:00:01]} Nbd7 {[%emt 0:00:01]} 11. Rac1 {[%emt 0:00:01]} Rc8 {[%emt 0:00:01]} 12. Rfd1 {[%emt 0:00:01]} Qc7 {[%emt 0:00:01]} 13. Bf4 {[%emt 0:00:01]} Bd6 {[%emt 0:00:03]} 14. Bxd6 {[%emt 0:00:02]} Qxd6 {[%emt 0:00:00]} 15. e4 {[%emt 0:00:01]} dxe4 {[%emt 0:00:01]} 16. Nxe4 {[%emt 0:00:00]} Nxe4 {[%emt 0:00:00]} 17. Qxe4 {[%emt 0:00:00]} Nf6 {[%emt 0:00:01]} 18. Qe2 {[%emt 0:00:00]} c5 {[%emt 0:00:00]} 19. dxc5 {[%emt 0:00:01]} Qxc5 {[%emt 0:00:00]} 20. h3 {[%emt 0:00:02]} Bxf3 {[%emt 0:00:02]} 21. Bxf3 {[%emt 0:00:00]} Rfd8 {[%emt 0:00:00]} 22. Kg2 {[%emt 0:00:01]} a5 {[%emt 0:00:02]} 23. Rxd8+ {[%emt 0:00:07]} Rxd8 {[%emt 0:00:01]} 24. Rd1 {[%emt 0:00:00]} Rxd1 {[%emt 0:00:02]} 25. Qxd1 {[%emt 0:00:00]} g6 {[%emt 0:00:00]} 26. Qd8+ {[%emt 0:00:01]} Kg7 {[%emt 0:00:00]} 27. Qd2 {[%emt 0:00:01]} Qb4 {[%emt 0:00:02]} 28. Qxb4 {[%emt 0:00:01]} axb4 {[%emt 0:00:00]} 29. h4 {[%emt 0:00:01]} Nd7 {[%emt 0:00:01]} 30. Be4 {[%emt 0:00:01]} Kf6 {[%emt 0:00:01]} 31. f4 {[%emt 0:00:01]} Nc5 {[%emt 0:00:02]} 32. Kf3 {[%emt 0:00:00]} e5 {[%emt 0:00:01]} 33. Bd5 {[%emt 0:00:03]} exf4 {[%emt 0:00:02]} 34. Kxf4 {[%emt 0:00:00]} Ke7 {[%emt 0:00:01]} 35. Ke3 {[%emt 0:00:01]} f5 {[%emt 0:00:01]} 36. g4 {[%emt 0:00:01]} fxg4 {[%emt 0:00:01]} 37. h5 {[%emt 0:00:02]} gxh5 {[%emt 0:00:01]} 38. Kf4 {[%emt 0:00:01]} Kf6 {[%emt 0:00:00]} 39. Kg3 {[%emt 0:00:01]} Kg5 {[%emt 0:00:01]} 40. Bg8 {[%emt 0:00:02]} h4+ {[%emt 0:00:00]} 41. Kg2 {[%emt 0:00:01]} h5 {[%emt 0:00:00]} 42. Bd5 {[%emt 0:00:02]} h3+ {[%emt 0:00:00]} 43. Kg3 {[%emt 0:00:01]} h4+ {[%emt 0:00:00]} 44. Kh2 {[%emt 0:00:00]} Kf4 {[%emt 0:00:00]} 45. Be6 {[%emt 0:00:01]} Ne4 {[%emt 0:00:02]} 46. Bxg4 {[%emt 0:00:01]} Kxg4 {[%emt 0:00:02]} 47. c5 {[%emt 0:00:01]} bxc5 {[%emt 0:00:01]} 48. Kh1 {[%emt 0:00:01]} Nc3 {[%emt 0:00:01]} 49. Kg1 {[%emt 0:00:00]} Nxa2 {[%emt 0:00:01]} 50. Kh1 {[%emt 0:00:00]} Nc1 {[%emt 0:00:00]} 51. Kg1 {[%emt 0:00:01]} Nxb3 {[%emt 0:00:00]} 52. Kf2 {[%emt 0:00:00]} c4 {[%emt 0:00:00]} 53. Kg1 {[%emt 0:00:00]} c3 {[%emt 0:00:00]} 54. Kf2 {[%emt 0:00:00]} c2 {[%emt 0:00:00]} 55. Ke2 {[%emt 0:00:00]} Nd4+ {[%emt 0:00:01]} 56. Kd3 {[%emt 0:00:00]} c1=Q {[%emt 0:00:00]} 57. Kxd4 {[%emt 0:00:00]} b3 {[%emt 0:00:01]} 58. Ke5 {[%emt 0:00:00]} b2 {[%emt 0:00:00]} 59. Ke6 {[%emt 0:00:01]} b1=Q {[%emt 0:00:00]} 60. Kf7 {[%emt 0:00:00]} Qc6 {[%emt 0:00:01]} 61. Ke7 {[%emt 0:00:01]} Qbb7+ {[%emt 0:00:01]} 62. Kd8 {[%emt 0:00:01]} Qcc8# {[%emt 0:00:00] (Lag: Av=0.83s, max=1.3s) (Lag: Av=0.83s, max=1.3s) (Lag: Av=0.83s, max=1.3s)} 0-1

[Event "Stay Safe Play From Home 395"]
[Site "Emanuel Lasker Arena"]
[Date "2020.08.19"]
[Round "4"]
[White "Olikold"]
[Black "Fred58300"]
[Result "0-1"]
[WhiteElo "1186"]
[BlackElo "1518"]
[Annotator "NA"]
[PlyCount "40"]
[EventDate "2020.08.19"]
[EventType "swiss (blitz)"]

1. e4 {[%emt 0:00:03]} c5 {[%emt 0:00:03]} 2. Nf3 {[%emt 0:00:02]} a6 {[%emt 0:00:00]} 3. d4 {[%emt 0:00:03]} cxd4 {[%emt 0:00:02]} 4. Nxd4 {[%emt 0:00:00]} d6 {[%emt 0:00:02]} 5. Bc4 {[%emt 0:00:05]} Nf6 {[%emt 0:00:00]} 6. O-O {[%emt 0:00:02]} Nc6 {[%emt 0:00:02]} 7. Re1 {[%emt 0:00:00]} Bd7 {[%emt 0:00:03]} 8. Nxc6 {[%emt 0:00:04]} Rc8 {[%emt 0:00:00]} 9. Nxe7 {[%emt 0:00:05]} Qxe7 {[%emt 0:00:03]} 10. e5 {[%emt 0:00:03]} dxe5 {[%emt 0:00:03]} 11. Bf4 {[%emt 0:00:07]} Rxc4 {[%emt 0:00:06]} 12. Rxe5 {[%emt 0:00:05]} Be6 {[%emt 0:00:03]} 13. Bg5 {[%emt 0:00:09]} Rc5 {[%emt 0:00:03]} 14. Qe1 {[%emt 0:00:06]} Rxe5 {[%emt 0:00:04]} 15. Qxe5 {[%emt 0:00:00]} h6 {[%emt 0:00:04]} 16. Bxf6 {[%emt 0:00:02]} Qxf6 {[%emt 0:00:02]} 17. Qb8+ {[%emt 0:00:00]} Qd8 {[%emt 0:00:04]} 18. Qxd8+ {[%emt 0:00:01]} Kxd8 {[%emt 0:00:02]} 19. Nc3 {[%emt 0:00:00]} Be7 {[%emt 0:00:04]} 20. Rd1+ {[%emt 0:00:01]} Ke8 {[%emt 0:00:01] TimeW TimeW TimeW} 0-1